000 00449nam a2200181Ia 4500
001 22497
005 20260414150835.0
008 260414t2000||||xx |||||||||||||| ||spa||
041 _aESP
082 _a621.382
_bA75-II
100 _aArnau Vives, Antonio
_eAUT
245 0 _aSistemas electrónicos de comunicaciones II
_b
260 _c2000
300 _a512 páginas :
_c24 cm.
650 _aTCA
654 _aCET
942 _cLIB
_dJUS
_fJUS
_2ddc
_n
999 _c22497
_d22497